000 00747cam a22002531 4500
001 8225881
003 ARRUPE
005 20161104092809.0
008 750129s1910 xx 000 0 eng
010 _aa 11001617
035 _a(OCoLC)1155368
040 _aDLC
_cTxShA
_dDLC
042 _apremarc
050 0 0 _aBL310
_b.B82 1910
100 1 _aBulfinch, Thomas,
_d1796-1867.
_927302
245 1 4 _aThe age of fable.
_cThomas Bulfinch
260 _aLondon,
_bDent;
_aNew York,
_bDutton
_c[1910]
300 _ax, 371 p.
_c18 cm.
490 0 _aEveryman's library [no. 472] For young people
504 _aBibliography: p. viii.
650 0 _aMythology.
_915384
906 _a7
_bcbc
_coclcrpl
_du
_encip
_f19
_gy-gencatlg
942 _2lcc
_cMONOGRAPH
999 _c125676
_d125676